Katseye - M.I.A (all lyrics) - Statistics

General Stats
  • This quiz has been taken 188 times
  • The average score is 187 of 262
Answer Stats
Answer % Correct
A
100%
I
99%
M.I
99%
M.I.A
97%
Go
96%
I’ll
89%
I’m
89%
No
82%
You
82%
(You)
82%
Don’t
79%
Your
76%
Get
75%
So
75%
Bitch
74%
Eyes
73%
‘Cause
72%
In
72%
Know
72%
Comfortable
71%
And
70%
Minute
70%
Any
69%
Close
69%
Me
69%
When
69%
The
68%
Won’t
68%
Now
66%
On
66%
Leash
65%
Nobody
65%
See
65%
Like
64%
Put
62%
Back
61%
I’ma
61%
Last
61%
Solo
61%
This
61%
Twice
61%
Night
60%
Be
58%
Give
58%
What
58%
Girls
56%
My
56%
But
55%
Dip
55%
Car
54%
Dash
54%
Mirrors
54%
More
54%
She
54%
Want
54%
Got
53%
Knows
53%
With
53%
SoHo
52%
Attached
51%
Where
50%
Ah
49%
Say
49%
That
49%
Clearer
48%
Smoke
48%
Yeah
48%
Feeling
47%
Ring
47%
Wore
47%
Finger
46%
You’re
46%
Missing
42%
Around
41%
Boy
40%
Swore
39%
Too
39%
It
38%
Sad
38%
Halfway
35%
Bad
34%
Making
34%
Out
34%
Country
33%
Hit
32%
(Move)
25%
No matching quizzes found
Score Distribution
Percent of People with Each Score
Percentile by Number Answered
Your Score History
You have not taken this quiz